[Event "SEA Rapid Team 31st"]
[Site "Ha Long"]
[Date "2022.05.19"]
[Round "5.2"]
[White "Taher, Yoseph Theolifus"]
[Black "Nay, Oo Kyaw Tun"]
[Result "1-0"]
[WhiteElo "2463"]
[BlackElo "2385"]
[PlyCount "95"]
[EventDate "2022.05.18"]
[EventType "team (rapid)"]
[EventRounds "5"]
[EventCountry "VIE"]
[SourceTitle "CBM 208 Extra"]
[Source "ChessBase"]
[SourceDate "2022.07.31"]
[SourceVersion "1"]
[SourceVersionDate "2022.07.31"]
[SourceQuality "1"]
[WhiteTeam "Indonesia"]
[BlackTeam "Myanmar"]
[WhiteTeamCountry "INA"]
[BlackTeamCountry "MYA"]

1. e4 d5 2. exd5 Qxd5 3. Nf3 Bg4 4. Be2 Nc6 5. d4 0-0-0 6. c4 Qh5 7. Be3 Nf6 8. Nbd2 e5 9. d5 Nd4 10. Nxd4 exd4 11. Bxg4+ Nxg4 12. Bxd4 Re8+ 13. Kf1 Qg6 14. Nf3 c5 15. dxc6 Qxc6 16. Qd3 Kb8 17. b3 Bd6 18. Rd1 Ne5 19. Bxe5 Bxe5 20. Qd5 Qc7 21. Re1 Bf6 22. Rxe8+ Rxe8 23. g3 g5 24. h3 h5 25. g4 Qf4 26. Qf5 Qxf5 27. gxf5 Re4 28. Rg1 Rf4 29. Nxg5 Rxf5 30. Ne4 Bd4 31. Ke2 Rf4 32. Rg8+ Kc7 33. f3 Rh4 34. Rf8 Rxh3 35. Rxf7+ Kc6 36. b4 a6 37. a4 h4 38. Rh7 Rh2+ 39. Kd3 Bg1 40. Rh6+ Kc7 41. c5 Ra2 42. Nc3 Rb2 43. Rxh4 a5 44. Rh7+ Kc8 45. Rg7 Bf2 46. Rg2 axb4 47. Nd1 Rb3+ 48. Kc2 1-0

[Event "SEA Rapid Team 31st"]
[Site "Ha Long"]
[Date "2022.05.18"]
[Round "3.2"]
[White "Taher, Yoseph Theolifus"]
[Black "Arunnuntapanich, Tinnakrit"]
[Result "1-0"]
[WhiteElo "2463"]
[BlackElo "2125"]
[PlyCount "109"]
[EventDate "2022.05.18"]
[EventType "team (rapid)"]
[EventRounds "5"]
[EventCountry "VIE"]
[SourceTitle "CBM 208 Extra"]
[Source "ChessBase"]
[SourceDate "2022.07.31"]
[SourceVersion "1"]
[SourceVersionDate "2022.07.31"]
[SourceQuality "1"]
[WhiteTeam "Indonesia"]
[BlackTeam "Thailand"]
[WhiteTeamCountry "INA"]
[BlackTeamCountry "THA"]

1. d4 Nf6 2. c4 g6 3. Nc3 Bg7 4. e4 d6 5. h3 Nbd7 6. Be3 e5 7. d5 Nc5 8. f3 a5 9. g4 h5 10. g5 Nfd7 11. Qd2 Nb8 12. 0-0-0 Nba6 13. Kb1 Bd7 14. Nge2 Qe7 15. Nb5 b6 16. Nbc3 0-0 17. Bg2 Rfd8 18. Rhe1 Nb4 19. Nc1 Re8 20. Nb5 Nba6 21. Ne2 Red8 22. Nec3 Re8 23. Bf1 Red8 24. Qf2 Re8 25. Ne2 Red8 26. Nc1 c6 27. Nc3 Nc7 28. dxc6 Bxc6 29. Nd5 Nxd5 30. cxd5 Bd7 31. Ne2 Bb5 32. Nc3 Bxf1 33. Qxf1 Qd7 34. Nb5 a4 35. Bd2 Rdc8 36. Rc1 Bf8 37. Rc2 Be7 38. h4 Rf8 39. f4 f6 40. gxf6 Bxf6 41. f5 gxf5 42. Bh6 Bg7 43. Rg2 Rf7 44. exf5 Raf8 45. Re3 Rxf5 46. Qe2 Rf1+ 47. Kc2 Qf5+ 48. Kc3 Rc1+ 49. Kb4 Na6+ 50. Ka3 Rf7 51. Nxd6 Qd7 52. Nxf7 b5 53. Rxg7+ Kf8 54. Rh7+ Kg8 55. Rg3+ 1-0